| 000 | 00664nam 22002053 4500 | ||
|---|---|---|---|
| 001 | 198235 | ||
| 010 | _a972-22-2538-3 | ||
| 021 | _b242825/06 | ||
| 090 | _a198235 | ||
| 100 | _a20251002d u||y0pory50 ba | ||
| 200 |
_aSininho Anda com Azar _fDisney _gversão portuguesa de Maria Isabel de Mendonça Soares _gilustrado por Judith Holmes Clarke & The Disney Storybook Artists |
||
| 210 |
_aLisboa _cEditorial Verbo _d2006 |
||
| 215 |
_a109, [9] p. _cbrochado _d20 cm |
||
| 225 |
_aFadas _v1 |
||
| 606 |
_957 _aLiteratura Juvenil Americana |
||
| 675 |
_a8213.111(73)-93 _vPT _zpor |
||
| 700 |
_9233 _a[Disney] |
||
| 801 |
_aPT _bBMMN _gRPC |
||
| 830 | _cAna Caetano | ||
| 990 | _cLIVROS | ||